LIBRARY & INFORMATION CENTRE, KCAET, TAVANUR

ONLINE PUBLIC ACCESS CATALOGUE (OPAC)

Feeding the soil / (Record no. 12892)

MARC details
000 -LEADER
fixed length control field 00338cam a2200145ua 4500
041 ## - LANGUAGE CODE
Language code of text/sound track or separate title eng
082 ## - DEWEY DECIMAL CLASSIFICATION NUMBER
Classification number 631.8
Item number CRO/FE
100 ## - MAIN ENTRY--AUTHOR NAME
Personal name Cross, Gwen .
245 ## - TITLE STATEMENT
Title Feeding the soil /
260 ## - PUBLICATION, DISTRIBUTION, ETC. (IMPRINT)
Place of publication Bristol :
Name of publisher Longman ,
Year of publication 1962.
300 ## - PHYSICAL DESCRIPTION
Number of Pages 36 ; .
942 ## - ADDED ENTRY ELEMENTS (KOHA)
Koha item type Books
Holdings
Withdrawn status Lost status Damaged status Home library Current library Date acquired Full call number Accession Number Koha item type
      KAUAET KAUAET 07/04/2012 631.8 12602 Books
free website counter